[Event "zonal 1.7"]
[Site "Mezezers LAT"]
[Date "2000.06.06"]
[Round "1"]
[White "Cmilyte, Viktorija"]
[Black "Miezis, Normunds"]
[Result "0-1"]
[WhiteElo "2329"]
[BlackElo "2481"]
[EventDate "2000.06.03"]
[PlyCount "62"]

1.d4 Nf6 2.c4 c5 3.d5 e6 4.Nc3 exd5 5.cxd5 Bd6 6.Nf3 O-O 7.g3 Bc7 8.Bg2 d6
9.O-O a6 10.a4 Re8 11.Ne1 Nbd7 12.Nc2 Ba5 13.Kh1 Rb8 14.Rb1 Nb6 15.Ne3 Bd7
16.Ra1 Re5 17.Bd2 Qe7 18.b3 Re8 19.Kg1 Rxe3 20.Bxe3 Bxc3 21.Rc1 Bb4 22.Qd3
Bg4 23.Ra1 Bh5 24.a5 Nbd7 25.Ra2 Bg6 26.Qc4 Be4 27.Bxe4 Nxe4 28.Rc1 Ndf6 
29.Bf4 g5 30.Be3 Qe5 31.h4 gxh4 0-1

[Event "zonal 1.7"]
[Site "Mezezers LAT"]
[Date "2000.06.06"]
[Round "1"]
[White "Kiik, Kalle"]
[Black "Labuckas, Aidas"]
[Result "1-0"]
[WhiteElo "2445"]
[BlackElo "2307"]
[EventDate "2000.06.03"]
[PlyCount "85"]

1.Nf3 Nf6 2.g3 d5 3.Bg2 c5 4.O-O e6 5.d3 Nc6 6.Nbd2 Be7 7.e4 b6 8.Re1 Bb7 
9.c3 Qc7 10.Qe2 h6 11.Nf1 Rd8 12.e5 Nd7 13.h4 Nf8 14.N1h2 Kd7 15.a3 Kc8 
16.b4 Nd7 17.d4 c4 18.Bf4 b5 19.Qd2 Nb6 20.h5 Qd7 21.g4 Rdg8 22.Nf1 Na4 
23.Ng3 Qd8 24.Rac1 Qe8 25.Rc2 Qd8 26.Be3 Kb8 27.Rf1 Ka8 28.Qe1 Rf8 29.Bc1 
Rhg8 30.Qe3 Qb6 31.Kh2 Qc7 32.Kh1 Bd8 33.Nh2 f6 34.exf6 Rxf6 35.f4 Qd7 36.
Rcf2 Bc7 37.Ne2 g6 38.hxg6 Rfxg6 39.Qh3 Ne7 40.f5 Rf6 41.Qh4 Rg5 42.Bxg5 
hxg5 43.Qh8+ 1-0

[Event "zonal 1.7"]
[Site "Mezezers LAT"]
[Date "2000.06.06"]
[Round "1"]
[White "Klovans, Janis"]
[Black "Slapikas, Vytautas"]
[Result "1-0"]
[WhiteElo "2492"]
[BlackElo "2423"]
[EventDate "2000.06.03"]
[PlyCount "135"]

1.e4 c6 2.d4 d5 3.e5 Bf5 4.Nf3 e6 5.Be2 Ne7 6.O-O Nd7 7.c4 dxc4 8.Bxc4 Nb6
9.Be2 Ned5 10.Nc3 Be7 11.Be3 O-O 12.Qb3 Nb4 13.Rac1 a5 14.a3 a4 15.Qd1 
N4d5 16.Nxd5 Nxd5 17.Qd2 Qa5 18.Rfd1 Rfd8 19.Bg5 Qxd2 20.Rxd2 Be4 21.Bxe7 
Nxe7 22.Ng5 Bg6 23.Bf3 Ra5 24.Rcd1 Nd5 25.h4 h6 26.Ne4 Bxe4 27.Bxe4 Nb6 
28.Bf3 Kf8 29.Kf1 Ke7 30.Ke2 Rb5 31.Rc1 f6 32.exf6+ gxf6 33.Rc3 Rd7 34.g3 
Rd8 35.Be4 Rb3 36.Bc2 Rxc3 37.bxc3 Rd5 38.Bd3 Rd7 39.Rb2 Nd5 40.Kd2 b5 41.
c4 bxc4 42.Bxc4 e5 43.dxe5 fxe5 44.Bxd5 Rxd5+ 45.Kc3 Rc5+ 46.Kd3 Rd5+ 47.
Ke4 Kd6 48.Rb4 Ra5 49.Rb8 Rc5 50.Rd8+ Ke6 51.Re8+ Kf6 52.Rh8 Rc4+ 53.Kd3 
Rd4+ 54.Kc3 Kg7 55.Ra8 Rd1 56.Ra7+ Kg6 57.Rxa4 Rf1 58.Re4 Rxf2 59.Rxe5 
Rf3+ 60.Kb4 Rxg3 61.Rc5 Rg4+ 62.Rc4 h5 63.a4 Kf7 64.a5 Ke7 65.a6 Rg1 66.
Ka5 Kd6 67.a7 Rg8 68.Kb6 1-0

[Event "zonal 1.7"]
[Site "Mezezers LAT"]
[Date "2000.06.06"]
[Round "1"]
[White "Krakops, Maris"]
[Black "Rotsagov, Mihhail"]
[Result "1/2-1/2"]
[WhiteElo "2518"]
[BlackElo "2542"]
[EventDate "2000.06.03"]
[PlyCount "29"]

1.e4 e5 2.d4 exd4 3.Nf3 Bb4+ 4.c3 dxc3 5.bxc3 Bc5 6.Bc4 Ne7 7.Ng5 d5 8.
exd5 O-O 9.O-O Bf5 10.Qb3 Qd6 11.Nd2 Nd7 12.Nge4 Qg6 13.Re1 b6 14.Nxc5 
Nxc5 15.Qd1 1/2-1/2

[Event "zonal 1.7"]
[Site "Mezezers LAT"]
[Date "2000.06.06"]
[Round "1"]
[White "Meijers, Viesturs"]
[Black "Luckans, Arnolds"]
[Result "1/2-1/2"]
[WhiteElo "2482"]
[BlackElo "2421"]
[EventDate "2000.06.03"]
[PlyCount "112"]

1.e4 d6 2.d4 g6 3.Nc3 Bg7 4.Be3 Nf6 5.Be2 c6 6.Qd2 b5 7.a3 Nbd7 8.Bh6 Bxh6
9.Qxh6 e5 10.dxe5 Nxe5 11.O-O-O Qe7 12.Qd2 g5 13.Qxd6 Qxd6 14.Rxd6 Ke7 15.
Rd2 Be6 16.Nf3 Nxf3 17.Bxf3 Nd7 18.Be2 a5 19.h3 h5 20.Nd1 Nc5 21.Bd3 Rhd8 
22.Ne3 Rd4 23.f3 b4 24.Be2 Rxd2 25.Kxd2 Rd8+ 26.Kc1 h4 27.Bc4 bxa3 28.bxa3
Bc8 29.Re1 Na4 30.Nd1 Rd4 31.Bb3 Nc5 32.Nf2 Nxb3+ 33.cxb3 Be6 34.Re3 a4 
35.b4 c5 36.bxc5 Rc4+ 37.Kd2 Rxc5 38.Rc3 Rb5 39.Nd3 Kd6 40.Nb4 Rb6 41.Ke3 
Bd7 42.Kd4 Rb5 43.Rc2 Ra5 44.Nd5 Be6 45.e5+ Kd7 46.Rc5 Ra7 47.Rb5 Kc8 48.
Nf6 Kc7 49.Ne4 Kc6 50.Rc5+ Kb6 51.Nf6 Ka6 52.Nd5 Rd7 53.Rc6+ Ka5 54.Rc5+ 
Ka6 55.Ke4 Kb7 56.Kd4 Ka6 1/2-1/2

[Event "zonal 1.7"]
[Site "Mezezers LAT"]
[Date "2000.06.07"]
[Round "2"]
[White "Butnorius, Algimantas"]
[Black "Labuckas, Aidas"]
[Result "0-1"]
[WhiteElo "2434"]
[BlackElo "2307"]
[EventDate "2000.06.03"]
[PlyCount "76"]

1.d4 g6 2.e4 Bg7 3.Nf3 d6 4.Be2 Nf6 5.Nc3 O-O 6.O-O c6 7.a4 Qc7 8.h3 e5 9.
dxe5 dxe5 10.Bc4 Na6 11.Be3 Qe7 12.a5 Nc5 13.Nd2 Ne6 14.Ne2 Rd8 15.Qb1 Qf8
16.Rd1 Qe7 17.c3 h6 18.Qc2 Ng5 19.Ng3 Be6 20.b3 a6 21.Bxe6 Nxe6 22.Nc4 Nf4
23.Rxd8+ Rxd8 24.Rd1 Rxd1+ 25.Qxd1 Ne8 26.Bb6 Bf6 27.Ne2 Ne6 28.b4 N6c7 
29.Qd3 Nb5 30.Nc1 Ng7 31.Nb3 Ne6 32.Be3 Nf4 33.Bxf4 exf4 34.e5 Bxe5 35.
Nxe5 Qxe5 36.c4 Nc3 37.Nc5 Qe1+ 38.Kh2 Ne2 0-1

[Event "zonal 1.7"]
[Site "Mezezers LAT"]
[Date "2000.06.07"]
[Round "2"]
[White "Ehlvest, Jaan"]
[Black "Cmilyte, Viktorija"]
[Result "1-0"]
[WhiteElo "2622"]
[BlackElo "2329"]
[EventDate "2000.06.03"]
[PlyCount "65"]

1.Nf3 f5 2.g3 Nf6 3.Bg2 g6 4.b4 Bg7 5.Bb2 d6 6.O-O O-O 7.c4 e5 8.Nc3 Nc6 
9.b5 Ne7 10.c5 h6 11.cxd6 cxd6 12.Qb3+ Kh8 13.a4 a5 14.bxa6 Rxa6 15.Nb5 
Ne8 16.Ba3 Bd7 17.d3 Bc6 18.Nd2 Qd7 19.Nc4 Nc8 20.Rab1 Rf6 21.Rfc1 Re6 22.
e4 Rf6 23.d4 fxe4 24.dxe5 dxe5 25.Rd1 Qf5 26.Bc5 e3 27.Bxe3 Bxg2 28.Kxg2 
Qe4+ 29.Kg1 Ncd6 30.Rbc1 Rc6 31.Nbxd6 Nxd6 32.Nxd6 Rfxd6 33.Rxd6 1-0

[Event "zonal 1.7"]
[Site "Mezezers LAT"]
[Date "2000.06.07"]
[Round "2"]
[White "Kveinys, Aloyzas"]
[Black "Kulaots, Kaido"]
[Result "1-0"]
[WhiteElo "2496"]
[BlackElo "2499"]
[EventDate "2000.06.03"]
[PlyCount "49"]

1.c4 Nf6 2.d4 g6 3.g3 Bg7 4.Bg2 O-O 5.Nc3 d6 6.Nf3 Nc6 7.O-O a6 8.Re1 Rb8 
9.Rb1 Re8 10.d5 Na5 11.Qd3 c5 12.Bd2 b5 13.b3 e6 14.dxe6 Bxe6 15.Ng5 Bf5 
16.e4 Bc8 17.cxb5 axb5 18.Nxb5 Ba6 19.Qxd6 Nxb3 20.Bf4 Qa5 21.axb3 Bxb5 
22.e5 Rbd8 23.Qxc5 Nd7 24.b4 Qa6 25.Qc7 1-0

[Event "zonal 1.7"]
[Site "Mezezers LAT"]
[Date "2000.06.07"]
[Round "2"]
[White "Luckans, Arnolds"]
[Black "Krakops, Maris"]
[Result "1/2-1/2"]
[WhiteElo "2421"]
[BlackElo "2518"]
[EventDate "2000.06.03"]
[PlyCount "21"]

1.d4 d5 2.c4 c6 3.cxd5 cxd5 4.Nf3 Nf6 5.Nc3 Bf5 6.Bf4 Nc6 7.e3 e6 8.Ne5 
Nxe5 9.Bxe5 Nd7 10.Bg3 Be7 11.Bd3 1/2-1/2

[Event "zonal 1.7"]
[Site "Mezezers LAT"]
[Date "2000.06.07"]
[Round "2"]
[White "Rotsagov, Mihhail"]
[Black "Klovans, Janis"]
[Result "1/2-1/2"]
[WhiteElo "2542"]
[BlackElo "2492"]
[EventDate "2000.06.03"]
[PlyCount "87"]

1.e4 e5 2.Nf3 Nc6 3.Bb5 a6 4.Ba4 d6 5.O-O Bd7 6.c3 Nf6 7.Re1 g6 8.d4 Bg7 
9.d5 Ne7 10.c4 O-O 11.Nc3 Bc8 12.c5 Nd7 13.cxd6 cxd6 14.Be3 h6 15.Nd2 f5 
16.f3 Nf6 17.Rc1 b5 18.Bb3 Bd7 19.a4 b4 20.Ne2 fxe4 21.Nxe4 Nf5 22.Bf2 
Nxe4 23.fxe4 Nh4 24.Rf1 g5 25.Ng3 Ng6 26.Be3 Nf4 27.Bc4 g4 28.Qd2 Qg5 29.
Ne2 Bxa4 30.b3 Bb5 31.Nxf4 exf4 32.Rxf4 Rxf4 33.Bxf4 Qf6 34.Bxb5 axb5 35.
Be3 Re8 36.Qxb4 Qg6 37.Qxb5 Qxe4 38.Bf2 Re5 39.Qb8+ Kh7 40.Qxd6 Rxd5 41.
Qc7 Qe2 42.Qc4 Rd1+ 43.Rxd1 Qxd1+ 44.Qf1 1/2-1/2

[Event "zonal 1.7"]
[Site "Mezezers LAT"]
[Date "2000.06.07"]
[Round "2"]
[White "Slapikas, Vytautas"]
[Black "Kiik, Kalle"]
[Result "0-1"]
[WhiteElo "2423"]
[BlackElo "2445"]
[EventDate "2000.06.03"]
[PlyCount "96"]

1.e4 c5 2.c3 g6 3.d4 cxd4 4.cxd4 d5 5.exd5 Nf6 6.Nc3 Bg7 7.Qb3 O-O 8.Be2 
Nbd7 9.Bf3 Nb6 10.Nge2 Bf5 11.O-O Bd3 12.d6 exd6 13.Bxb7 Rb8 14.Bf3 Re8 
15.Qd1 Ba6 16.Re1 Qd7 17.Ng3 Rxe1+ 18.Qxe1 Re8 19.Qd1 Qe6 20.Nf1 h6 21.Ne3
d5 22.Na4 Nbd7 23.h3 Ne4 24.Nc3 Bb7 25.a4 Kh7 26.a5 f5 27.Qb3 Bc6 28.Nxe4 
fxe4 29.Bg4 Qd6 30.Qc3 h5 31.Be2 Nf8 32.Nc2 Ne6 33.Be3 Rc8 34.Qd2 Qd7 35.
b4 Qc7 36.Rc1 Ba4 37.Bd1 Qc3 38.Qe2 Qd3 39.Kf1 Bh6 40.Bxh6 Kxh6 41.Ke1 Nf4
42.Qd2 g5 43.Ne3 Bb5 44.Bc2 Nxg2+ 45.Kd1 Nxe3+ 46.fxe3 Qf1+ 47.Qe1 Qf3+ 
48.Kd2 Qg2+ 0-1

[Event "zonal 1.7"]
[Site "Mezezers LAT"]
[Date "2000.06.08"]
[Round "3"]
[White "Cmilyte, Viktorija"]
[Black "Kveinys, Aloyzas"]
[Result "1/2-1/2"]
[WhiteElo "2329"]
[BlackElo "2496"]
[EventDate "2000.06.03"]
[PlyCount "83"]

1.d4 Nf6 2.c4 e6 3.Nf3 Bb4+ 4.Bd2 a5 5.g3 d6 6.Bg2 Nbd7 7.O-O e5 8.Bg5 
exd4 9.Nxd4 O-O 10.Qc2 h6 11.Bf4 Ne5 12.Rd1 Qe7 13.Nc3 c6 14.Na4 Ng6 15.
Nb6 Nxf4 16.gxf4 Rb8 17.Nxc8 Rfxc8 18.Nf5 Qf8 19.a3 Bc5 20.Qc3 a4 21.Nxh6+
gxh6 22.Qxf6 Qg7 23.Qxg7+ Kxg7 24.Rac1 Kf6 25.Rc3 Rg8 26.Rg3 h5 27.e3 h4 
28.Rxg8 Rxg8 29.Kf1 Ke7 30.Be4 Bb6 31.Bc2 Ra8 32.Ke2 Bd8 33.Rg1 Ra6 34.Kd2
Kf8 35.Bf5 Bf6 36.Kc2 Ke7 37.Rb1 Kd8 38.Rd1 Ke7 39.Kb1 Rb6 40.Rd2 Bg7 41.
Bg4 Bf6 42.Bd1 1/2-1/2

[Event "zonal 1.7"]
[Site "Mezezers LAT"]
[Date "2000.06.08"]
[Round "3"]
[White "Klovans, Janis"]
[Black "Luckans, Arnolds"]
[Result "1-0"]
[WhiteElo "2492"]
[BlackElo "2421"]
[EventDate "2000.06.03"]
[PlyCount "177"]

1.e4 g6 2.d4 Bg7 3.Nc3 c6 4.f4 d6 5.Nf3 Bg4 6.Be3 Qb6 7.Qd2 Bxf3 8.gxf3 
Nd7 9.O-O-O Qa5 10.Kb1 b5 11.e5 b4 12.Ne4 d5 13.e6 fxe6 14.Ng5 Nf8 15.Bh3 
Nh6 16.Rhe1 Bf6 17.Nxe6 Nxe6 18.Bxe6 Nf5 19.Bxf5 gxf5 20.Qd3 e6 21.Bd2 Kf7
22.a3 c5 23.dxc5 Qxc5 24.Bxb4 Qc6 25.c4 d4 26.Bd2 a5 27.b3 Rhb8 28.Ka2 Qc5
29.Rb1 Rb6 30.Bc1 Rc8 31.a4 Qd6 32.Qd2 Qc6 33.Qxa5 Ra8 34.Qd2 Rxa4+ 35.
bxa4 Qxa4+ 36.Ba3 Qxc4+ 37.Ka1 d3+ 38.Re5 Qd4+ 39.Ka2 Qc4+ 40.Ka1 Qd4+ 41.
Rb2 Ra6 42.Ka2 Qc4+ 43.Rb3 Be7 44.Ra5 Qc2+ 45.Qxc2 dxc2 46.Rxa6 Bxa3 47.
Rb7+ Kf6 48.Rc6 c1=Q 49.Rxc1 Bxc1 50.Rxh7 Bxf4 51.Kb3 Kg6 52.Rh3 Kg5 53.
Kc4 Be3 54.Kd3 Bf2 55.Rh8 e5 56.Ke2 Bd4 57.Rg8+ Kh5 58.Kd3 Bf2 59.Re8 e4+ 
60.fxe4 fxe4+ 61.Rxe4 Bg1 62.h3 Bf2 63.Ke2 Bg3 64.Kf3 Bd6 65.h4 Bc7 66.Kg2
Kg6 67.Kh3 Ba5 68.Kg4 Bd2 69.Re6+ Kf7 70.Kf5 Kg7 71.Kg4 Kf7 72.Rd6 Bc1 73.
Kf5 Kg7 74.Rg6+ Kf7 75.Rg2 Kf8 76.Rc2 Be3 77.Rc6 Kg7 78.Kg4 Kh7 79.Kf5 Kg7
80.h5 Kh7 81.h6 Bd2 82.Rg6 Bxh6 83.Kf6 Be3 84.Kf7 Ba7 85.Ra6 Bb8 86.Rb6 
Bc7 87.Rb7 Bf4 88.Rb4 Bg5 89.Rb1 1-0

[Event "zonal 1.7"]
[Site "Mezezers LAT"]
[Date "2000.06.08"]
[Round "3"]
[White "Krakops, Maris"]
[Black "Miezis, Normunds"]
[Result "1/2-1/2"]
[WhiteElo "2518"]
[BlackElo "2481"]
[EventDate "2000.06.03"]
[PlyCount "88"]

1.e4 c5 2.Nf3 e6 3.b3 Nc6 4.Bb2 Nf6 5.e5 Nd5 6.c4 Nf4 7.g3 Ng6 8.Bg2 Be7 
9.O-O O-O 10.h4 d6 11.exd6 Bxd6 12.d4 cxd4 13.h5 Nge7 14.Nxd4 Nxd4 15.Qxd4
Nf5 16.Qd1 Qb6 17.Nc3 Rd8 18.Qg4 Be5 19.Rad1 Rxd1 20.Rxd1 f6 21.Na4 Qc7 
22.Bxe5 fxe5 23.Qe4 Rb8 24.Nc3 Bd7 25.Re1 b5 26.Nxb5 Bxb5 27.cxb5 Rxb5 28.
Bf1 Rc5 29.Bc4 Nd4 30.Bd3 h6 31.Kg2 Nf5 32.Bc4 Nd4 33.Qa8+ Kf7 34.Qe4 Qc6 
35.f4 Qxe4+ 36.Rxe4 Nc6 37.a3 a5 38.f5 Nd4 39.fxe6+ Nxe6 40.a4 Kf6 41.Re1 
Nd4 42.Rf1+ Kg5 43.Rf7 g6 44.hxg6 Kxg6 1/2-1/2

[Event "zonal 1.7"]
[Site "Mezezers LAT"]
[Date "2000.06.08"]
[Round "3"]
[White "Kulaots, Kaido"]
[Black "Butnorius, Algimantas"]
[Result "1-0"]
[WhiteElo "2499"]
[BlackElo "2434"]
[EventDate "2000.06.03"]
[PlyCount "131"]

1.e4 e5 2.Nf3 Nc6 3.Bb5 a6 4.Ba4 Nf6 5.O-O Be7 6.Re1 b5 7.Bb3 d6 8.c3 O-O 
9.h3 h6 10.d4 Re8 11.Nbd2 Bf8 12.d5 Ne7 13.Nf1 Bb7 14.Ng3 c6 15.dxc6 Bxc6 
16.Nh4 d5 17.Qf3 dxe4 18.Nxe4 Bxe4 19.Rxe4 Ned5 20.Re1 e4 21.Qf5 Bd6 22.
Bxd5 Nxd5 23.Qg4 Nf6 24.Qe2 Qc8 25.g4 Qc7 26.Nf5 Bc5 27.Be3 Nd5 28.Bxc5 
Qxc5 29.Rad1 Rad8 30.Rd4 Nf6 31.Qe3 Rxd4 32.Qxd4 Qxd4 33.Nxd4 g6 34.f3 
exf3 35.Rxe8+ Nxe8 36.Nxf3 Kf8 37.Kf2 Ke7 38.Ne5 Ke6 39.Nf3 Nc7 40.Nd4+ 
Ke5 41.Kf3 Kd5 42.Ke3 Ke5 43.Nc6+ Kd6 44.Nd8 Ke7 45.Nb7 Ne6 46.h4 Kd7 47.
Ke4 Kc6 48.Na5+ Kd6 49.b4 f6 50.c4 Nc7 51.c5+ Ke6 52.Nc6 f5+ 53.gxf5+ 
gxf5+ 54.Kd4 h5 55.Ne5 Nd5 56.Nd3 f4 57.Ke4 Nc3+ 58.Kxf4 Nxa2 59.Kg5 Nc3 
60.Kxh5 Kf5 61.c6 Nd5 62.Nc5 Nc7 63.Kh6 Ke5 64.Kg6 Kd5 65.h5 a5 66.h6 1-0

[Event "zonal 1.7"]
[Site "Mezezers LAT"]
[Date "2000.06.08"]
[Round "3"]
[White "Labuckas, Aidas"]
[Black "Slapikas, Vytautas"]
[Result "1-0"]
[WhiteElo "2307"]
[BlackElo "2423"]
[EventDate "2000.06.03"]
[PlyCount "91"]

1.c4 e5 2.d3 Bb4+ 3.Bd2 Bxd2+ 4.Qxd2 Nc6 5.Nc3 d6 6.g3 Be6 7.Bg2 Qd7 8.Nd5
Nge7 9.e3 O-O 10.Ne2 Nd8 11.Nxe7+ Qxe7 12.O-O Qd7 13.f4 Bh3 14.Bxh3 Qxh3 
15.f5 f6 16.Nc3 Rf7 17.Rf2 Nc6 18.Raf1 Rd7 19.Nd5 Kh8 20.Qd1 a5 21.Qa4 Ra7
22.a3 Qh5 23.Rg2 Qe8 24.g4 Qd8 25.h4 Ne7 26.g5 Nxd5 27.cxd5 Re7 28.Kh1 Ra8
29.e4 c6 30.gxf6 gxf6 31.dxc6 bxc6 32.Qxc6 Rc8 33.Qd5 Rc5 34.Qb3 d5 35.
Rfg1 Rec7 36.Qb6 R5c6 37.Qxa5 dxe4 38.dxe4 Rc1 39.Qb6 Rxg1+ 40.Rxg1 h6 41.
a4 Kh7 42.a5 Qe7 43.Qe6 Qf8 44.a6 Rg7 45.Rxg7+ Qxg7 46.Qe8 1-0

[Event "zonal 1.7"]
[Site "Mezezers LAT"]
[Date "2000.06.08"]
[Round "3"]
[White "Meijers, Viesturs"]
[Black "Ehlvest, Jaan"]
[Result "0-1"]
[WhiteElo "2482"]
[BlackElo "2622"]
[EventDate "2000.06.03"]
[PlyCount "54"]

1.e4 c5 2.Nf3 e6 3.d4 cxd4 4.Nxd4 Nf6 5.Bd3 Nc6 6.Nxc6 bxc6 7.O-O d5 8.e5 
Nd7 9.Re1 a5 10.Nd2 Ba6 11.Qg4 g6 12.Nf3 Bg7 13.h4 h5 14.Qg3 Bxd3 15.cxd3 
c5 16.Bg5 Qb8 17.Re2 Ra6 18.Qf4 Rb6 19.b3 Rb4 20.Qe3 a4 21.bxa4 Rxa4 22.
Rc1 Qa7 23.Rb2 O-O 24.Be7 Nxe5 25.Bxf8 Nxf3+ 26.Qxf3 Bxb2 27.Bxc5 Qa5 0-1

[Event "zonal 1.7"]
[Site "Mezezers LAT"]
[Date "2000.06.09"]
[Round "4"]
[White "Butnorius, Algimantas"]
[Black "Slapikas, Vytautas"]
[Result "1/2-1/2"]
[WhiteElo "2434"]
[BlackElo "2423"]
[EventDate "2000.06.03"]
[PlyCount "86"]

1.Nf3 d6 2.e4 Nf6 3.Nc3 Bg4 4.h3 Bh5 5.d4 c6 6.Bd3 e6 7.O-O d5 8.Bg5 Be7 
9.exd5 cxd5 10.Bb5+ Nc6 11.g4 Bg6 12.Ne5 Rc8 13.Qe2 Ne4 14.Nxe4 Bxe4 15.
Bxe7 Qxe7 16.f3 Bg6 17.Rae1 O-O 18.Nxg6 hxg6 19.c3 Na5 20.f4 Qh4 21.Kh2 
Nc4 22.Bxc4 Rxc4 23.f5 exf5 24.gxf5 Rc6 25.Qg4 Qd8 26.Re5 Rf6 27.Qg2 gxf5 
28.Rexf5 Rxf5 29.Rxf5 Qd6+ 30.Qg3 Qb6 31.Qf2 Qc7+ 32.Qg3 Qc6 33.Qg2 Rd8 
34.Rg5 Qd6+ 35.Qg3 Qf6 36.Qe5 Qxe5+ 37.Rxe5 Kf8 38.Kg3 f6 39.Rh5 Kf7 40.
Kf3 Ke6 41.Rh7 Kf7 42.Rh5 Ke6 43.Rh7 Kf7 1/2-1/2

[Event "zonal 1.7"]
[Site "Mezezers LAT"]
[Date "2000.06.09"]
[Round "4"]
[White "Kulaots, Kaido"]
[Black "Cmilyte, Viktorija"]
[Result "1/2-1/2"]
[WhiteElo "2499"]
[BlackElo "2329"]
[EventDate "2000.06.03"]
[PlyCount "61"]

1.e4 c5 2.Nf3 Nc6 3.d4 cxd4 4.Nxd4 Nf6 5.Nc3 e5 6.Ndb5 d6 7.Bg5 a6 8.Na3 
b5 9.Bxf6 gxf6 10.Nd5 f5 11.Bd3 Be6 12.O-O Bxd5 13.exd5 Ne7 14.c3 Bg7 15.
Qh5 e4 16.Bc2 Qc8 17.Rad1 O-O 18.Bb1 Qc5 19.Kh1 b4 20.cxb4 Qxb4 21.f3 Rae8
22.Nc2 Qxb2 23.Ne3 Ng6 24.f4 Ne7 25.Nxf5 Nxf5 26.Qxf5 Qf6 27.Bxe4 Qxf5 28.
Bxf5 Re2 29.a4 Ra2 30.Bd7 Rb8 31.Rb1 1/2-1/2

[Event "zonal 1.7"]
[Site "Mezezers LAT"]
[Date "2000.06.09"]
[Round "4"]
[White "Luckans, Arnolds"]
[Black "Kiik, Kalle"]
[Result "1-0"]
[WhiteElo "2421"]
[BlackElo "2445"]
[EventDate "2000.06.03"]
[PlyCount "113"]

1.d4 Nf6 2.Nf3 e6 3.g3 c5 4.Bg2 Nc6 5.O-O cxd4 6.Nxd4 Bc5 7.Nxc6 bxc6 8.c4
O-O 9.Qc2 Qe7 10.Nc3 d5 11.Bg5 Bd6 12.cxd5 exd5 13.Qa4 Bb7 14.e4 h6 15.
Bxf6 Qxf6 16.exd5 cxd5 17.Rad1 Bc5 18.Bxd5 Bxd5 19.Rxd5 Bb6 20.Qb3 Rab8 
21.Rb5 Qf3 22.Nd5 Qxb3 23.Rxb3 Rfe8 24.Nxb6 Rxb6 25.Rxb6 axb6 26.f3 Re2 
27.Rf2 Re1+ 28.Kg2 g5 29.Rc2 Rb1 30.Kf2 Kf8 31.Ke3 Ke7 32.Ke4 Kd6 33.Kf5 
Rf1 34.Rc3 Rf2 35.Rb3 Kc5 36.h3 Rh2 37.Kg4 b5 38.f4 gxf4 39.gxf4 Kc4 40.
Kh5 Rf2 41.Kxh6 Rxf4 42.Kg5 Rf2 43.h4 b4 44.Kg4 Rg2+ 45.Kf3 Rg1 46.Re3 f5 
47.Kf4 Rg2 48.b3+ Kd4 49.Rh3 Rf2+ 50.Rf3 Rxa2 51.Kxf5 Rh2 52.Kg4 Rg2+ 53.
Rg3 Rc2 54.h5 Ke5 55.h6 Rh2 56.Kg5 Ke6 57.Kg6 1-0

[Event "zonal 1.7"]
[Site "Mezezers LAT"]
[Date "2000.06.09"]
[Round "4"]
[White "Miezis, Normunds"]
[Black "Klovans, Janis"]
[Result "1/2-1/2"]
[WhiteElo "2481"]
[BlackElo "2492"]
[EventDate "2000.06.03"]
[PlyCount "96"]


1. c4 e6 2. e4 d5 3. exd5 exd5 4. d4 Nf6 5. Nc3 Be7 6. Nf3 O-O 7. Be2 dxc4 8.
Bxc4 Nbd7 9. O-O Nb6 10. Bb3 Nbd5 11. Re1 c6 12. h3 Be6 13. Ne5 Re8 14. g4 Bd6
15. Bd2 Qc7 16. Bc2 Rad8 17. g5 Nxc3 18. bxc3 Nd7 19. f4 c5 20. Qb1 g6 21. Re2
Bxe5 22. dxe5 Nb6 23. Qe1 Nc4 24. Bc1 Qd7 25. Kh2 Bf5 26. Bb3 Bd3 27. Rf2 Nd6
28. Be3 Ne4 29. Rg2 b5 30. a4 a6 31. axb5 axb5 32. Bd1 Qd5 33. Rb2 Bc4 34. Bf3
Qd3 35. Rc1 Bd5 36. Bg2 Bc6 37. Bxc5 Nxc5 38. Bxc6 Rf8 39. Bxb5 Qf5 40. Qe3 Nd3
41. Rcb1 Nxb2 42. Rxb2 Rd1 43. Be2 Re1 44. Kg3 Qc8 45. Kf2 Ra1 46. Bg4 Qc4 47.
Be2 Qc6 48. Bf3 Qc4 1/2-1/2

[Event "zonal 1.7"]
[Site "Mezezers LAT"]
[Date "2000.06.09"]
[Round "4"]
[White "Rotsagov, Mihhail"]
[Black "Labuckas, Aidas"]
[Result "1-0"]
[WhiteElo "2542"]
[BlackElo "2307"]
[EventDate "2000.06.03"]
[PlyCount "70"]

1.e4 c5 2.Nf3 e6 3.d4 cxd4 4.Nxd4 Nf6 5.Nc3 Nc6 6.Nxc6 bxc6 7.e5 Nd5 8.Ne4
Qc7 9.f4 Qa5+ 10.Bd2 Qb6 11.Bd3 Ba6 12.Bxa6 Qxa6 13.b3 Qb6 14.Qf3 Be7 15.
O-O-O O-O-O 16.c4 Nc7 17.Bc3 f5 18.Nd6+ Bxd6 19.exd6 Ne8 20.Rhe1 Nf6 21.
Re5 Rde8 22.Ra5 Ne4 23.b4 Qf2 24.Be1 Qb6 25.c5 Qb7 26.Rd3 Qb8 27.Rda3 Nxd6
28.cxd6 Qxd6 29.Rxa7 Qd4 30.Bc3 Qc4 31.R3a5 e5 32.fxe5 Kd8 33.Rc5 Qe6 34.
b5 Qh6+ 35.Kb2 cxb5 1-0

[Event "zonal 1.7"]
[Site "Mezezers LAT"]
[Date "2000.06.10"]
[Round "5"]
[White "Cmilyte, Viktorija"]
[Black "Butnorius, Algimantas"]
[Result "1-0"]
[WhiteElo "2329"]
[BlackElo "2434"]
[EventDate "2000.06.03"]
[PlyCount "64"]

1.d4 Nf6 2.c4 e6 3.Nf3 b6 4.a3 Ba6 5.Qc2 c5 6.e4 d5 7.e5 Ne4 8.cxd5 Bxf1 
9.dxe6 Bxg2 10.exf7+ Kxf7 11.Qxe4 Bxh1 12.Qxa8 Be7 13.e6+ Ke8 14.Nbd2 cxd4
15.Kf1 Rf8 16.Kg1 Bxf3 17.Nxf3 Rf6 18.Qe4 Qd6 19.Nxd4 Rg6+ 20.Kh1 Bf6 21.
Bf4 Qxd4 22.Qb7 Be7 23.Qxb8+ Bd8 24.Bg3 Rxe6 25.Qxa7 h5 26.Qa6 h4 27.Qb5+ 
Kf7 28.Qh5+ Kg8 29.Rd1 Qf6 30.Qd5 hxg3 31.Qxd8+ Qxd8 32.Rxd8+ Kf7 1-0

[Event "zonal 1.7"]
[Site "Mezezers LAT"]
[Date "2000.06.10"]
[Round "5"]
[White "Kiik, Kalle"]
[Black "Miezis, Normunds"]
[Result "1/2-1/2"]
[WhiteElo "2445"]
[BlackElo "2481"]
[EventDate "2000.06.03"]
[PlyCount "188"]

1.e4 c5 2.Nf3 e6 3.d4 cxd4 4.Nxd4 a6 5.c4 Nf6 6.Nc3 Bb4 7.Bd3 Qc7 8.Ne2 
Nc6 9.h3 Ne5 10.O-O Bc5 11.a3 Ba7 12.Bf4 g5 13.Bh2 g4 14.Kh1 Rg8 15.Rc1 d6
16.Nf4 b6 17.Qe2 Bb7 18.h4 Qe7 19.Bg3 Nfd7 20.b4 Bb8 21.Bc2 Kf8 22.Ba4 Nf6
23.Bb3 Kg7 24.Rcd1 Kh8 25.Rd2 a5 26.b5 Rc8 27.Rd4 Ned7 28.Bc2 Qf8 29.Rd2 
Qh6 30.Rfd1 d5 31.Qe3 d4 32.Rxd4 e5 33.Rd6 Bxd6 34.Rxd6 exf4 35.Bxf4 Qxh4+
36.Kg1 Rxc4 37.Bg5 Qh5 38.Rxf6 Nxf6 39.Bxf6+ Kg8 40.Bb3 Rc5 41.Bd5 Bxd5 
42.exd5 Qf5 43.Bd4 Rxd5 44.Nxd5 Qxd5 45.a4 h6 46.Bxb6 Qd1+ 47.Kh2 Qd6+ 48.
g3 Qe6 49.Qd4 Rc8 50.Bxa5 Rc4 51.Qd8+ Kh7 52.Qd3+ f5 53.b6 Qf7 54.Bc3 Rxa4
55.Qb5 Ra8 56.Be5 Rd8 57.Qb1 Rd7 58.Bc7 Rxc7 59.bxc7 Qxc7 60.Qxf5+ Kh8 61.
Qxg4 Qb6 62.Qf5 Qc6 63.Qf7 Qd6 64.Kh3 Qd4 65.f3 Qe3 66.Qf6+ Kh7 67.Kg4 Qe8
68.Kf4 Qa4+ 69.Kf5 Qc2+ 70.Kg4 Qc4+ 71.Kh5 Qd5+ 72.Kh4 Qc4+ 73.g4 Qc1 74.
Qf7+ Kh8 75.Qf8+ Kh7 76.Qe7+ Kg6 77.Qe6+ Kg7 78.Qe5+ Kg6 79.Qe4+ Kg7 80.f4
Qf1 81.Qe7+ Kg8 82.Kh5 Qh3+ 83.Qh4 Qd3 84.f5 Qd6 85.Qf2 Qf6 86.Qe3 Kh7 87.
Qa7+ Kg8 88.Qb8+ Kh7 89.Qc7+ Kh8 90.Qc8+ Kg7 91.Qd7+ Kh8 92.Qe8+ Kh7 93.
Qe3 Kg7 94.Qd2 Kh7 1/2-1/2

[Event "zonal 1.7"]
[Site "Mezezers LAT"]
[Date "2000.06.10"]
[Round "5"]
[White "Krakops, Maris"]
[Black "Kveinys, Aloyzas"]
[Result "1/2-1/2"]
[WhiteElo "2518"]
[BlackElo "2496"]
[EventDate "2000.06.03"]
[PlyCount "117"]

1.e4 c5 2.Nf3 e6 3.Nc3 a6 4.d4 cxd4 5.Nxd4 b5 6.Bd3 Qb6 7.Nb3 Qc7 8.a4 b4 
9.Ne2 Nf6 10.Bf4 d6 11.c3 Nc6 12.Qd2 Qb7 13.O-O Be7 14.cxb4 Qxb4 15.Qc2 
Bd7 16.Bd2 Qb7 17.Na5 Nxa5 18.Bxa5 O-O 19.Ng3 Ng4 20.e5 Nxe5 21.Bxh7+ Kh8 
22.Be4 d5 23.Bc3 dxe4 24.Bxe5 f6 25.Bc3 Rfc8 26.Nxe4 Rc4 27.Rfe1 Rac8 28.
Qd3 e5 29.Ng3 Rf4 30.Nh5 Bf5 31.Qd2 Rd8 32.Qc1 Rc4 33.Ng3 Bg6 34.Kh1 Qc6 
35.Rd1 Rc8 36.Qe3 Rxa4 37.Rac1 Rc4 38.Nf1 Qe6 39.Qe2 f5 40.Ra1 Bf6 41.Ne3 
R4c6 42.Nd5 f4 43.Rd2 Qf5 44.f3 Re8 45.Qf1 Bh4 46.Rdd1 Qh5 47.Nb4 Bg3 48.
h3 Rxc3 49.bxc3 e4 50.Rd5 Qh4 51.Nc6 exf3 52.Qxf3 Re3 53.Ne5 Bf5 54.Rd8+ 
Qxd8 55.Qh5+ Kg8 56.Qf7+ Kh8 57.Qh5+ Kg8 58.Qf7+ Kh8 59.Qh5+ 1/2-1/2

[Event "zonal 1.7"]
[Site "Mezezers LAT"]
[Date "2000.06.10"]
[Round "5"]
[White "Labuckas, Aidas"]
[Black "Luckans, Arnolds"]
[Result "1/2-1/2"]
[WhiteElo "2307"]
[BlackElo "2421"]
[EventDate "2000.06.03"]
[PlyCount "146"]

1.d4 d5 2.c4 e6 3.Nc3 Be7 4.Nf3 Nf6 5.Bg5 Nbd7 6.e3 O-O 7.Rc1 a6 8.cxd5 
exd5 9.Bd3 c6 10.O-O Re8 11.Qc2 Nf8 12.Ne5 Ng4 13.Bxe7 Rxe7 14.Nxg4 Bxg4 
15.f3 Bh5 16.Qf2 Bg6 17.Bxg6 Nxg6 18.e4 dxe4 19.fxe4 f6 20.Rcd1 Qb6 21.h4 
Qa5 22.g3 Qh5 23.Qf3 Qxf3 24.Rxf3 Rd8 25.h5 Nf8 26.Rfd3 Nd7 27.Kf2 Rde8 
28.Rf3 c5 29.h6 gxh6 30.dxc5 Nxc5 31.Rxf6 Nxe4+ 32.Nxe4 Rxe4 33.Rd2 Kg7 
34.Rb6 R8e7 35.Rbd6 h5 36.Rd7 Kf6 37.Rxe7 Rxe7 38.Kf3 Re5 39.Rd6+ Kg5 40.
Rd7 Rb5 41.b3 h6 42.Rg7+ Kf5 43.Rh7 Rb6 44.Rc7 Ke6 45.Ke3 Kd6 46.Rf7 Kc5 
47.Rf5+ Kb4 48.Rxh5 Re6+ 49.Kf3 b5 50.Rh2 Ka3 51.Kg4 Rg6+ 52.Kf4 b4 53.g4 
a5 54.Kf5 Rc6 55.Kf4 Re6 56.Kf5 Rd6 57.Ke5 Rc6 58.Kf4 Rb6 59.Kf5 Ra6 60.
Kf4 Rc6 61.Ke4 Rc1 62.Rxh6 Kxa2 63.Rh5 a4 64.bxa4 b3 65.Rb5 b2 66.Rxb2+ 
Kxb2 67.g5 Rc4+ 68.Kf5 Kc3 69.g6 Rc7 70.Kg5 Kd4 71.Kf6 Rc6+ 72.Kf5 Rc5+ 
73.Kf6 Rc6+ 1/2-1/2